[Event "38th Nezhmetdinov Mem"]
[Site "Kazan RUS"]
[Date "2016.06.08"]
[Round "9.24"]
[White "Nikitenko, Mihail"]
[Black "Voinikonis, Nikita"]
[Result "1-0"]
[WhiteElo "2374"]
[BlackElo "2168"]
[WhiteFideId "13506862"]
[BlackFideId "34187500"]
[EventDate "2016.05.31"]

1. e4 c5 2. Nf3 d6 3. d4 cxd4 4. Nxd4 Nf6 5. Nc3 a6 6. Bg5 e6 7. f4 Be7 8. Qf3
h6 9. Bxf6 Bxf6 10. O-O-O Qc7 11. g4 Bd7 12. h4 Nc6 13. Nb3 Nb4 14. Kb1 Rc8 15.
Qh3 1-0

[Event "38th Nezhmetdinov Mem"]
[Site "Kazan RUS"]
[Date "2016.06.08"]
[Round "9.25"]
[White "Imashev, Ildar"]
[Black "Pershin, Denis"]
[Result "1-0"]
[WhiteElo "2225"]
[BlackElo "2336"]
[WhiteFideId "4166337"]
[BlackFideId "24165506"]
[EventDate "2016.05.31"]

1. e4 e5 2. Nf3 Nc6 3. Nc3 Nf6 4. Bb5 a6 5. Bxc6 dxc6 6. Nxe5 Nxe4 7. Nxe4 Qd4
8. O-O Qxe5 9. Re1 Be7 10. d4 Qd5 11. Bg5 Be6 12. Bxe7 Kxe7 13. Nc5 Rhd8 14.
Nxb7 Rdb8 15. Re5 Qd7 16. Nc5 Qd6 17. Nxe6 fxe6 18. Qg4 Kf7 19. Rae1 Re8 20. h4
Rab8 21. b3 Rb5 22. Qh5+ Kf8 23. Qxh7 Qxd4 24. Qh8+ Kf7 25. Qh5+ Kf8 26. Qf3+
Kg8 27. Rxe6 Rxe6 28. Rxe6 Qxh4 29. Re8+ Kh7 30. Qd3+ g6 31. Qd7+ 1-0

[Event "38th Nezhmetdinov Mem"]
[Site "Kazan RUS"]
[Date "2016.06.08"]
[Round "9.26"]
[White "Obolentseva, Alexandra"]
[Black "Murzin, Lenar"]
[Result "1-0"]
[WhiteTitle "WFM"]
[BlackTitle "IM"]
[WhiteElo "2324"]
[BlackElo "2104"]
[WhiteFideId "24153648"]
[BlackFideId "4116461"]
[EventDate "2016.05.31"]

1. d4 Nf6 2. c4 e6 3. Nf3 b6 4. g3 Ba6 5. Qc2 Bb7 6. Bg2 c5 7. O-O cxd4 8. Nxd4
Bxg2 9. Kxg2 Qc8 10. Rd1 a6 11. Bg5 Be7 12. Nd2 Qb7+ 13. Kg1 O-O 14. N2f3 h6 15.
Bf4 Rc8 16. Qd3 d6 17. Bd2 Nbd7 18. b4 Bf8 19. Qb3 b5 20. cxb5 axb5 21. Qd3 Rab8
22. Nb3 e5 23. Na5 Qa8 24. Qb3 Qe4 25. Qd3 Qg4 26. Ne1 e4 27. Qe3 Qh3 28. f3 Ne5
29. Qf2 Re8 30. Bc3 Rbc8 31. Rac1 d5 32. a3 Rc7 33. Bxe5 Rxc1 34. Rxc1 Rxe5 35.
Nc6 Re8 36. Ng2 Bd6 37. Ne3 h5 38. f4 1-0

[Event "38th Nezhmetdinov Mem"]
[Site "Kazan RUS"]
[Date "2016.06.08"]
[Round "9.27"]
[White "Galaktionov, Artem"]
[Black "Murtazin, Bulat"]
[Result "1/2-1/2"]
[BlackTitle "FM"]
[WhiteElo "2181"]
[BlackElo "2319"]
[WhiteFideId "24175471"]
[BlackFideId "24151351"]
[EventDate "2016.05.31"]

1. d4 Nf6 2. Nf3 e6 3. c4 b6 4. g3 Ba6 5. b3 Bb7 6. Bg2 Bb4+ 7. Bd2 a5 8. O-O
O-O 9. Nc3 d6 10. Qc2 Nbd7 11. a3 Bxc3 12. Bxc3 Be4 13. Qb2 c6 14. b4 axb4 15.
axb4 Qc7 16. Rxa8 Rxa8 17. Ra1 Qb7 18. Ra3 Ne8 19. Qa1 Nc7 20. Bf1 Rxa3 21. Qxa3
Qa8 22. Qxa8+ Nxa8 23. Nd2 f5 24. Nxe4 fxe4 25. Bh3 Nf8 26. f3 exf3 27. exf3 Kf7
28. Kf2 Nc7 29. Bd2 Ke7 30. Ke2 b5 31. c5 Nd5 32. Kd3 Nd7 33. Bg2 Nb8 34. Kc2
Na6 35. Kb3 Kd7 36. f4 Nac7 37. Be4 Nf6 38. Bf3 Ncd5 39. g4 Ne7 40. h3 Ng6 41.
Kc2 Nd5 42. Bxd5 cxd5 43. Kd3 Ne7 44. Be1 Ng8 45. Bh4 Nh6 46. Bg3 Nf7 47. Ke3
dxc5 48. dxc5 g5 49. fxg5 Nxg5 50. h4 Nf7 51. g5 e5 52. h5 Nxg5 53. Bxe5 Ne6 54.
Bf6 Nc7 55. Kf4 Ke6 56. Bc3 h6 57. Ke3 Na6 58. Kd3 Nb8 59. Bd2 Nc6 60. Bxh6
Nxb4+ 61. Kc3 Nc6 62. Bg7 Kf5 63. h6 Kg6 64. Kb3 Kh7 65. Kc3 Kg8 66. Kb3 1/2-1/2

[Event "38th Nezhmetdinov Mem"]
[Site "Kazan RUS"]
[Date "2016.06.08"]
[Round "9.29"]
[White "Yandemirov, Valeri"]
[Black "Kalabukhov, Bogdan"]
[Result "1/2-1/2"]
[WhiteTitle "GM"]
[WhiteElo "2388"]
[BlackElo "2056"]
[WhiteFideId "4102622"]
[BlackFideId "34102865"]
[EventDate "2016.05.31"]

1. Nf3 d5 2. g3 c5 3. Bg2 Nc6 4. d4 e6 5. O-O Nf6 6. c4 dxc4 7. dxc5 Qxd1 8.
Rxd1 Bxc5 9. Nbd2 c3 10. bxc3 O-O 11. Nb3 Be7 12. c4 Bd7 13. Bb2 Rfd8 14. Nfd4
Rac8 15. Nb5 b6 16. Nd6 Rc7 17. Nb5 Rcc8 18. Nd6 Rc7 19. Nb5 Rcc8 1/2-1/2

[Event "38th Nezhmetdinov Mem"]
[Site "Kazan RUS"]
[Date "2016.06.08"]
[Round "9.30"]
[White "Sinyanskiy, Maxim"]
[Black "Dzhangobegov, Vladimir"]
[Result "1/2-1/2"]
[BlackTitle "FM"]
[WhiteElo "2042"]
[BlackElo "2315"]
[WhiteFideId "4178068"]
[BlackFideId "4180984"]
[EventDate "2016.05.31"]

1. e4 e6 2. d4 d5 3. Nc3 Nf6 4. e5 Nfd7 5. f4 c5 6. Nf3 Be7 7. Be3 Nc6 8. Qd2
O-O 9. dxc5 Bxc5 10. Nd4 Nxd4 11. Bxd4 Bxd4 12. Qxd4 f6 13. exf6 Qxf6 14. Qxf6
Rxf6 15. g3 Nc5 16. Bg2 Bd7 17. O-O Rc8 18. Rf2 Bc6 19. Rd1 Rcf8 20. Re2 a5 21.
a3 Be8 22. Rdd2 Bg6 23. Bf3 h6 24. Rd4 Bf5 25. h4 g5 26. b4 axb4 27. axb4 Nd7
28. hxg5 hxg5 29. g4 Bg6 30. f5 Nb6 31. Bg2 exf5 32. Nxd5 Nxd5 33. Bxd5+ Kg7 34.
gxf5 Rxf5 35. Bxb7 Rf1+ 36. Kg2 Rc1 37. Be4 Bxe4+ 38. Rdxe4 Rc8 39. Re5 R1xc2
40. Rxg5+ Kf6 41. Re5 Rb8 42. Re6+ Kf5 1/2-1/2

[Event "38th Nezhmetdinov Mem"]
[Site "Kazan RUS"]
[Date "2016.06.08"]
[Round "9.31"]
[White "Ioffe, Dmitry"]
[Black "Ambartsumova, Karina"]
[Result "1/2-1/2"]
[BlackTitle "WGM"]
[WhiteElo "2058"]
[BlackElo "2307"]
[WhiteFideId "4185617"]
[BlackFideId "4166299"]
[EventDate "2016.05.31"]

1. e4 c5 2. Nf3 e6 3. Nc3 a6 4. d4 cxd4 5. Nxd4 b5 6. Bd3 Qb6 7. Nb3 Qc7 8. O-O
Bb7 9. Be3 Nf6 10. a3 Be7 11. Qf3 O-O 12. Rae1 Nc6 13. Qh3 Ne5 14. Bf4 d6 15.
Bxe5 dxe5 16. Re3 Rfd8 17. Ne2 g6 18. Re1 Nh5 19. g3 Bg5 20. Rf3 Rf8 21. Qg4 Qe7
22. h4 1/2-1/2

[Event "38th Nezhmetdinov Mem"]
[Site "Kazan RUS"]
[Date "2016.06.08"]
[Round "9.32"]
[White "Murtazin, Ruslan"]
[Black "Pogorelskikh, Sergey"]
[Result "1-0"]
[BlackTitle "FM"]
[WhiteElo "2050"]
[BlackElo "2281"]
[WhiteFideId "24175960"]
[BlackFideId "4187024"]
[EventDate "2016.05.31"]

1. d4 Nf6 2. c4 c5 3. d5 e6 4. Nc3 exd5 5. cxd5 d6 6. Nf3 g6 7. Nd2 Bg7 8. Nc4
O-O 9. Bf4 Ne8 10. Qd2 Na6 11. e3 Nac7 12. a4 Bf5 13. Be2 g5 14. Bg3 Qe7 15. f3
Rd8 16. h4 h6 17. hxg5 hxg5 18. Bf2 Bg6 19. Bd3 f5 20. g4 Bxc3 21. bxc3 Ng7 22.
O-O-O Rf6 23. gxf5 Bxf5 24. e4 Bg6 25. Qxg5 Qf7 26. Bh4 Nce8 27. e5 Bxd3 28.
exf6 Bxc4 29. Qh6 1-0

[Event "38th Nezhmetdinov Mem"]
[Site "Kazan RUS"]
[Date "2016.06.08"]
[Round "9.33"]
[White "Elkin, Leonid"]
[Black "Filipenko, Alexander V"]
[Result "1/2-1/2"]
[BlackTitle "IM"]
[WhiteElo "2055"]
[BlackElo "2278"]
[WhiteFideId "13501240"]
[BlackFideId "4104471"]
[EventDate "2016.05.31"]

1. e4 c5 2. Nf3 d6 3. d4 cxd4 4. Nxd4 Nf6 5. Nc3 Nc6 6. Bg5 e6 7. Qd2 a6 8.
O-O-O Bd7 9. f4 b5 10. Bxf6 gxf6 11. Kb1 Qb6 12. Nxc6 Bxc6 13. f5 h5 14. fxe6
fxe6 15. e5 b4 16. exd6 O-O-O 17. Ne2 Bxd6 18. Nc1 a5 19. Bc4 e5 20. Rhf1 e4 21.
Rxf6 Be8 1/2-1/2

[Event "38th Nezhmetdinov Mem"]
[Site "Kazan RUS"]
[Date "2016.06.08"]
[Round "9.34"]
[White "Filyanin, Daniil"]
[Black "Zhitnikov, Konstantin"]
[Result "1-0"]
[WhiteElo "2006"]
[BlackElo "2274"]
[WhiteFideId "24177300"]
[BlackFideId "34152846"]
[EventDate "2016.05.31"]

1. e4 c5 2. Nf3 e6 3. d4 cxd4 4. Nxd4 Nf6 5. Nc3 d6 6. Be2 Be7 7. Be3 O-O 8. g4
d5 9. e5 Nfd7 10. f4 Bh4+ 11. Kd2 Nc6 12. g5 Nxd4 13. Bxd4 Bxg5 14. fxg5 Qxg5+
15. Be3 Qxe5 16. Qg1 f6 17. Rf1 Qc7 18. Qg2 b6 19. Nb5 Qb7 20. Rhg1 Ne5 21. Bh6
Ng6 22. Nd6 Qe7 23. Bh5 Qxd6 24. Bxg6 hxg6 25. Qxg6 Rf7 26. Bxg7 Qxh2+ 27. Kc1
Qh7 28. Rxf6 Qxg6 29. Rfxg6 Rf5 30. Be5+ Kf7 31. Rg7+ Ke8 32. Rh1 Rf7 33. Rh8+
Ke7 34. Rgg8 Rf5 35. Rh7+ Rf7 36. Bd6+ Kxd6 37. Rxf7 Bb7 38. Rxa8 Bxa8 39. Rxa7
Bc6 40. c3 Kc5 41. Kd2 e5 42. Rc7 Kd6 43. Rc8 Bd7 44. Rb8 Kc7 45. Rh8 Kd6 46.
Rh6+ Kc7 47. Ke3 Bc8 48. c4 dxc4 49. Ke4 Ba6 50. Kxe5 Bb5 51. Kd4 Kb7 52. Kc3
Ba6 53. Kb4 Kc7 54. Kc3 Kb7 55. Rh7+ Kb8 56. Kb4 Kc8 57. Ra7 Bb7 58. Kb5 Kc7 59.
Kxc4 1-0

[Event "38th Nezhmetdinov Mem"]
[Site "Kazan RUS"]
[Date "2016.06.08"]
[Round "9.35"]
[White "Drogovoz, Irina"]
[Black "Terentev, Mikhail"]
[Result "1/2-1/2"]
[WhiteTitle "WIM"]
[WhiteElo "2205"]
[BlackElo "2024"]
[WhiteFideId "4176715"]
[BlackFideId "24183814"]
[EventDate "2016.05.31"]

1. d4 Nf6 2. Nf3 g6 3. c4 Bg7 4. Nc3 O-O 5. e4 d6 6. h3 e5 7. d5 a5 8. g4 Na6 9.
Be3 Nd7 10. Be2 Ndc5 11. Rg1 Kh8 12. Nd2 f5 13. f3 Qh4+ 14. Bf2 Qxh3 15. a3 fxg4
16. b4 axb4 17. axb4 Nxb4 18. Rxa8 Ncd3+ 19. Bxd3 Nxd3+ 20. Ke2 Nf4+ 21. Ke1
Nd3+ 22. Ke2 Nf4+ 23. Ke1 Nd3+ 24. Ke2 Nf4+ 1/2-1/2

[Event "38th Nezhmetdinov Mem"]
[Site "Kazan RUS"]
[Date "2016.06.08"]
[Round "9.36"]
[White "Bezdenezhnyh, Pavel"]
[Black "Matskevich, Ivan"]
[Result "1-0"]
[WhiteElo "2181"]
[BlackElo "1976"]
[WhiteFideId "24126845"]
[BlackFideId "34191930"]
[EventDate "2016.05.31"]

1. e4 c5 2. Nf3 d6 3. d4 cxd4 4. Nxd4 Nf6 5. Nc3 a6 6. Be2 e5 7. Nb3 Be6 8. f4
Qc7 9. g4 exf4 10. g5 Nfd7 11. Bxf4 Nc6 12. Qd3 Nde5 13. Qg3 Rc8 14. O-O-O b5
15. Kb1 Be7 16. h4 Nc4 17. Bxc4 bxc4 18. Nd4 Nxd4 19. Rxd4 Qb6 20. Rhd1 Rb8 21.
Na4 Qb5 22. Bxd6 O-O 23. Bxe7 Rfe8 24. Qxb8 Qxa4 25. Qxe8+ Qxe8 26. Rd8 1-0

[Event "38th Nezhmetdinov Mem"]
[Site "Kazan RUS"]
[Date "2016.06.08"]
[Round "9.38"]
[White "Smougalev, Gennady"]
[Black "Lilov, Aleksandr"]
[Result "0-1"]
[WhiteTitle "FM"]
[WhiteElo "2161"]
[BlackElo "1935"]
[WhiteFideId "4122410"]
[BlackFideId "24180513"]
[EventDate "2016.05.31"]

1. d4 c5 2. d5 g6 3. e4 Bg7 4. Nf3 d6 5. h3 Nf6 6. Nc3 O-O 7. Bf4 b5 8. e5 dxe5
9. Bxe5 b4 10. Na4 Nbd7 11. c4 Nxe5 12. Nxe5 Qd6 13. Nc6 e6 14. Be2 exd5 15.
cxd5 Re8 16. O-O Nxd5 17. Na5 Bd4 18. Nc4 Qf4 19. Bf3 Be6 20. Kh1 Rad8 21. Qc1
Qh4 22. Ne3 Bxh3 23. Bxd5 Be6+ 24. Kg1 Rxd5 25. Re1 Rh5 0-1

[Event "38th Nezhmetdinov Mem"]
[Site "Kazan RUS"]
[Date "2016.06.08"]
[Round "9.39"]
[White "Gilyazitdinov, Nikita"]
[Black "Akhtariev, Andrey"]
[Result "1-0"]
[WhiteElo "2065"]
[BlackElo "1927"]
[WhiteFideId "4184106"]
[BlackFideId "34112275"]
[EventDate "2016.05.31"]

1. c4 c5 2. g3 g6 3. Bg2 Bg7 4. Nc3 e6 5. e3 Ne7 6. Nge2 Nbc6 7. O-O O-O 8. a3
d5 9. cxd5 Nxd5 10. Qc2 Nde7 11. b3 b6 12. Rd1 Bb7 13. Bb2 Qb8 14. Ne4 e5 15.
Rac1 Rd8 16. Qc4 Na5 17. Qc2 Bd5 18. b4 Bb3 19. Qb1 Bxd1 20. Rxd1 cxb4 21. axb4
Nb7 22. Qa2 h6 23. f4 Nd5 24. Ng5 Qd6 25. Nxf7 Kxf7 26. Nc3 e4 27. Bxe4 Bxc3 28.
dxc3 Kf8 29. Bxd5 a5 30. b5 Nc5 31. c4 Ra7 32. Be5 Qe7 33. Qc2 Qe8 34. Bc6 Rxd1+
35. Qxd1 Nd7 36. Qd6+ Kg8 37. Bd4 a4 38. Bxb6 a3 39. Bxa7 a2 40. Qa3 1-0

[Event "38th Nezhmetdinov Mem"]
[Site "Kazan RUS"]
[Date "2016.06.08"]
[Round "9.40"]
[White "Markelova, Lubov"]
[Black "Kurninov, Andrei"]
[Result "1-0"]
[WhiteTitle "WFM"]
[WhiteElo "2059"]
[BlackElo "1772"]
[WhiteFideId "24131369"]
[BlackFideId "4178963"]
[EventDate "2016.05.31"]

1. Nf3 c5 2. c4 g6 3. g3 Bg7 4. Bg2 Nc6 5. O-O e6 6. Nc3 Nge7 7. d3 O-O 8. Bd2
a6 9. Qc1 Nf5 10. Ne4 Ncd4 11. Nxd4 Nxd4 12. Re1 Qc7 13. Rb1 d6 14. e3 Nc6 15.
Bc3 f6 16. a3 Rb8 17. b4 Ne5 18. Qd2 b5 19. f4 Nd7 20. Rec1 h6 21. bxc5 dxc5 22.
cxb5 Rd8 23. Ba5 Nb6 24. Nxc5 Qa7 25. Qa2 Rd6 26. bxa6 Bxa6 27. Bb4 Nd5 28. Bxd5
exd5 29. d4 Bc4 30. Qc2 f5 31. Nd3 Re6 32. Ne5 Rc8 33. Bc5 Qa6 34. Nxc4 dxc4 35.
Qxc4 Qxc4 36. Rxc4 Rxe3 1-0

[Event "38th Nezhmetdinov Mem"]
[Site "Kazan RUS"]
[Date "2016.06.08"]
[Round "9.41"]
[White "Shkuro, Alexandr"]
[Black "Kolbyshev, Sergei"]
[Result "1-0"]
[WhiteElo "1992"]
[BlackElo "2054"]
[WhiteFideId "4174160"]
[BlackFideId "34107646"]
[EventDate "2016.05.31"]

1. d4 Nf6 2. c4 c5 3. d5 e6 4. Nc3 exd5 5. cxd5 d6 6. e4 g6 7. Bc4 Bg7 8. Nge2
O-O 9. O-O Re8 10. f3 Na6 11. Nb5 Nc7 12. Nxc7 Qxc7 13. Bd2 Rb8 14. a4 b6 15.
Bc3 a6 16. Qd3 Qb7 17. Bxf6 Bxf6 18. Nc3 Bd4+ 19. Kh1 Bg7 20. Rae1 Re5 21. g4
Re8 22. h3 Qe7 23. Kg2 Qh4 24. f4 g5 25. Qg3 Qxg3+ 26. Kxg3 gxf4+ 27. Kxf4 Ra8
28. Kf3 Bd7 29. Ra1 Kf8 30. Ra2 Ke7 31. Kg2 b5 32. Be2 c4 33. axb5 axb5 34. Rfa1
Rxa2 35. Rxa2 b4 36. Nd1 c3 37. b3 Bd4 38. Nf2 Bxf2 39. Kxf2 Rc8 40. Bd3 Kf6 41.
Bc2 Rc7 42. Ke3 Ke5 43. Ra8 h5 44. gxh5 Kf6 45. h4 Bg4 46. h6 Rc8 47. Rxc8 Bxc8
48. h7 Kg7 49. Kd4 Kxh7 50. e5+ Kh6 51. exd6 Kh5 52. Kc5 Kxh4 53. Kxb4 f5 54.
Kxc3 Kg5 55. Kd4 Kf6 56. b4 Bd7 57. Bd3 f4 58. b5 Bc8 59. b6 Bb7 60. Ke4 f3 61.
Kxf3 Kf7 62. Bg6+ Kf6 63. Ke4 Ba6 64. Be8 1-0

[Event "38th Nezhmetdinov Mem"]
[Site "Kazan RUS"]
[Date "2016.06.08"]
[Round "9.42"]
[White "Garafutdinov, Ainur"]
[Black "Novikov, Roman"]
[Result "1-0"]
[WhiteElo "2044"]
[BlackElo "1981"]
[WhiteFideId "24175498"]
[BlackFideId "24198498"]
[EventDate "2016.05.31"]

1. e4 e6 2. d4 d5 3. Nd2 c5 4. exd5 exd5 5. Ngf3 Nf6 6. dxc5 Bxc5 7. Bb5+ Nc6 8.
O-O O-O 9. Nb3 Qb6 10. Be2 Bf5 11. Nxc5 Qxc5 12. c3 Rfe8 13. Bg5 Ne4 14. Be3 Qa5
15. Qb3 Nd6 16. Rfd1 Be6 17. Nd4 Nxd4 18. Bxd4 Nc4 19. Bxc4 dxc4 20. Qxb7 Rab8
21. Qxa7 Qg5 22. Qc7 Rxb2 23. Qg3 Qg6 24. Qxg6 hxg6 25. a4 Bd5 26. a5 Re4 27. a6
Rg4 28. g3 Rb8 29. Ba7 Ra8 30. Bd4 Rb8 31. a7 Ra8 32. Be3 Bf3 33. Rdb1 Re4 34.
Rb8+ Re8 35. Rab1 f6 36. R1b4 Bd5 37. Rxa8 Rxa8 38. Rb8+ Kf7 39. f4 Ke6 40. Kf2
Kf5 41. h3 Ke4 42. Ke2 Bc6 43. Bc5 g5 44. fxg5 fxg5 45. Bd4 g6 46. g4 Kf4 47.
Rxa8 Bxa8 48. Kf2 Ke4 49. Bf6 Kd3 50. Bxg5 Kxc3 51. h4 Kd4 52. h5 gxh5 53. gxh5
Ke5 54. h6 Kf5 55. h7 1-0

[Event "38th Nezhmetdinov Mem"]
[Site "Kazan RUS"]
[Date "2016.06.08"]
[Round "9.43"]
[White "Asafiev, Ignat"]
[Black "Skvortsov, Vladimir"]
[Result "1-0"]
[WhiteElo "1880"]
[BlackElo "2016"]
[WhiteFideId "34142573"]
[BlackFideId "24183792"]
[EventDate "2016.05.31"]

1. d4 d5 2. c4 c6 3. cxd5 cxd5 4. Nc3 Nf6 5. Bg5 Nc6 6. Bxf6 gxf6 7. e3 Bf5 8.
Qb3 Qd7 9. Qxd5 Qxd5 10. Nxd5 O-O-O 11. Nc3 e5 12. d5 Nb4 13. Rc1 Nd3+ 14. Bxd3
Bxd3 15. Nge2 Kb8 16. Rd1 Bc4 17. Ng3 Bb4 18. e4 Bxa2 19. O-O Bc4 20. Rfe1 h5
21. h4 Rd6 22. Re3 Rb6 23. Na4 Ra6 24. Nc3 Rg8 25. Nxh5 f5 26. exf5 Rh6 27. Ng3
Rxh4 28. Re4 Rgg4 29. Rxg4 Rxg4 30. Nce4 Be7 31. d6 Bd8 32. d7 Rg8 33. Rc1 b5
34. Nd6 Bg5 35. Rc2 Rd8 36. Rxc4 bxc4 37. Nxf7 Rxd7 38. Nxg5 Rd1+ 39. Kh2 Rd2
40. N3e4 Rxb2 41. f6 Kc7 42. f7 Rb8 43. Ne6+ Kc6 44. Nc3 a5 45. g4 Kd6 46. f8=Q+
Rxf8 47. Nxf8 Kc5 1-0

[Event "38th Nezhmetdinov Mem"]
[Site "Kazan RUS"]
[Date "2016.06.08"]
[Round "9.44"]
[White "Gagarin, Sergey"]
[Black "Galiev, Irek"]
[Result "1-0"]
[WhiteElo "1997"]
[BlackElo "1859"]
[WhiteFideId "24175463"]
[BlackFideId "34147150"]
[EventDate "2016.05.31"]

1. e4 c5 2. Nf3 e6 3. d4 cxd4 4. Nxd4 a6 5. c4 Qc7 6. Nc3 Nf6 7. Qd3 Be7 8. Be2
O-O 9. O-O b6 10. Be3 Bb7 11. Kh1 d6 12. f3 Nbd7 13. Rac1 Rfd8 14. b4 Ne5 15.
Qd2 Ned7 16. a4 Rac8 17. Nb3 d5 18. exd5 Bxb4 19. dxe6 fxe6 20. Qb2 Bd6 21. Bg1
Be5 22. a5 b5 23. Nd4 Bxd4 24. Bxd4 bxc4 25. Ne4 Bxe4 26. fxe4 Qxa5 27. Bxc4 Kh8
28. Bxe6 Rb8 29. Qe2 Qb4 30. Rc4 Qe7 31. Rc6 a5 32. e5 Ng8 33. Rf7 Qb4 34. Qg4
Qe1+ 35. Bg1 Qxe5 36. Bxd7 Rb1 37. Qf5 Qxf5 38. Bxf5 1-0

[Event "38th Nezhmetdinov Mem"]
[Site "Kazan RUS"]
[Date "2016.06.08"]
[Round "9.45"]
[White "Musaev, Rasul"]
[Black "Mirzaeva, Gulnara"]
[Result "1-0"]
[WhiteTitle "FM"]
[WhiteElo "2310"]
[BlackElo "1973"]
[WhiteFideId "24146870"]
[BlackFideId "24178780"]
[EventDate "2016.05.31"]

1. e4 c5 2. Nf3 Nc6 3. Bb5 g6 4. c3 Qb6 5. Na3 Bg7 6. O-O Nf6 7. e5 Nd5 8. Bc4
Nc7 9. d4 cxd4 10. cxd4 O-O 11. Bb3 Na5 12. Bc2 d5 13. h3 Bd7 14. Rb1 Nb5 15.
Nxb5 Bxb5 16. Bd3 Rac8 17. b3 Qa6 18. Bxb5 Qxb5 19. Re1 Nc6 20. a4 Qb6 21. b4
Rfe8 22. Ba3 e6 23. Qd3 Bf8 24. a5 Qd8 25. Nh2 Kg7 26. Ng4 Qh4 27. Kh2 Be7 28.
f4 f5 29. exf6+ Bxf6 30. Rbc1 Bd8 31. g3 Qe7 32. b5 Nb4 33. Rxc8 Nxd3 34. Bxe7
Rxe7 35. Re3 Rc7 36. Rxc7+ 1-0

[Event "38th Nezhmetdinov Mem"]
[Site "Kazan RUS"]
[Date "2016.06.08"]
[Round "9.46"]
[White "Fedotov, Nikita2"]
[Black "Pogorelskikh, Sofia"]
[Result "1-0"]
[WhiteElo "2192"]
[BlackElo "1744"]
[WhiteFideId "24161446"]
[BlackFideId "44164548"]
[EventDate "2016.05.31"]

1. d4 Nf6 2. c4 g6 3. Nc3 Bg7 4. e4 d6 5. Nf3 O-O 6. Be2 e5 7. O-O Nc6 8. d5 Ne7
9. Ne1 Ne8 10. Be3 f5 11. f3 f4 12. Bf2 a5 13. c5 g5 14. Rc1 h5 15. cxd6 Nxd6
16. Nb5 Nxb5 17. Bxb5 b6 18. Be2 Rf6 19. Qb3 Kh7 20. Nd3 Ng6 21. Rc3 Bf8 22.
Rfc1 Bd6 23. Qd1 Ne7 24. Kf1 Rg6 25. Ke1 Bd7 26. Kd2 Ng8 27. a3 g4 28. g3 fxg3
29. hxg3 gxf3 30. Bxf3 Qg5+ 31. Kc2 Ba4+ 32. b3 Bd7 33. Kb2 Qe7 34. Bxh5 Bxa3+
35. Kb1 Rg5 36. R1c2 Nf6 37. Bf3 Bd6 38. Be3 1-0

[Event "38th Nezhmetdinov Mem"]
[Site "Kazan RUS"]
[Date "2016.06.08"]
[Round "9.47"]
[White "Shaidullin, Askar"]
[Black "Emelianov, Fedor"]
[Result "0-1"]
[WhiteElo "1934"]
[BlackElo "2134"]
[WhiteFideId "34159662"]
[BlackFideId "24140228"]
[EventDate "2016.05.31"]

1. Nf3 c5 2. e4 d6 3. Nc3 Nf6 4. d4 cxd4 5. Nxd4 g6 6. Be2 Bg7 7. Be3 Nc6 8.
Nxc6 bxc6 9. O-O O-O 10. Qd2 Re8 11. Rfd1 Qa5 12. Bd4 Kf8 13. Bf3 Rb8 14. Ne2
Qc7 15. Qe3 Nd7 16. Bg4 Bxd4 17. Qxd4 Kg8 18. Bxd7 Bxd7 19. b3 Red8 20. Ng3 Bg4
21. Re1 h5 22. Re3 h4 23. Nf1 e5 24. Qc3 Rb5 25. Rae1 f6 26. h3 Be6 27. Rd3 Rc5
28. Qd2 Kg7 29. a4 a5 30. Rc3 Qb6 31. Rd1 d5 32. Rxc5 Qxc5 33. exd5 cxd5 34. Rc1
d4 35. c3 Rc8 36. c4 Rb8 37. Qa2 e4 38. Re1 f5 39. Qb2 Kf7 40. Rd1 Rd8 41. Ne3
Rd7 42. Nc2 d3 43. Ne3 f4 44. Ng4 Bxg4 45. hxg4 Qd4 46. Qxd4 Rxd4 47. Kf1 e3 48.
Ke1 Ke6 49. fxe3 fxe3 50. Rb1 Kd6 51. b4 axb4 52. a5 Kc5 53. Ra1 Rf4 54. a6 Kd4
55. Rb1 d2+ 56. Ke2 Rf2+ 57. Kd1 Rf1+ 58. Kc2 b3+ 59. Kb2 Rxb1+ 60. Kxb1 d1=Q+ 0-1

[Event "38th Nezhmetdinov Mem"]
[Site "Kazan RUS"]
[Date "2016.06.08"]
[Round "9.49"]
[White "Andreev, Viktor"]
[Black "Ashrafzianov, Igor"]
[Result "0-1"]
[WhiteTitle "FM"]
[WhiteElo "2128"]
[BlackElo "1962"]
[WhiteFideId "4133277"]
[BlackFideId "24122572"]
[EventDate "2016.05.31"]

1. d4 Nf6 2. c4 c5 3. e3 cxd4 4. exd4 d5 5. Nc3 Nc6 6. Nf3 g6 7. Be2 Bg7 8. O-O
O-O 9. Be3 Be6 10. b3 Rc8 11. Rc1 Qa5 12. Bd2 Qc7 13. Bg5 Rfd8 14. Nb5 Qd7 15.
c5 Ne4 16. Bf4 Bg4 17. Be3 a6 18. Nc3 e5 19. Na4 Rc7 20. Nxe5 Nxe5 21. f3 Nc6
22. fxg4 Qe6 23. g5 Ng3 24. hxg3 Qxe3+ 25. Kh2 Nxd4 26. Bg4 Qxg5 27. Rf4 Ne6 28.
Bxe6 fxe6 29. Rc2 e5 30. Rh4 h5 31. Rd2 d4 32. Qe2 Rf7 33. Rd1 Rdf8 34. Qc4 Kh7
35. Qd5 Rf1 36. Rhxd4 Qe3 37. Kh3 exd4 0-1

[Event "38th Nezhmetdinov Mem"]
[Site "Kazan RUS"]
[Date "2016.06.08"]
[Round "9.50"]
[White "Mukhutdinov, Tigran"]
[Black "Gismatullin, Sayar"]
[Result "1/2-1/2"]
[WhiteElo "2098"]
[BlackElo "1875"]
[WhiteFideId "34108570"]
[BlackFideId "34110930"]
[EventDate "2016.05.31"]

1. e4 c5 2. Nf3 d6 3. d4 cxd4 4. Nxd4 Nf6 5. Nc3 a6 6. h3 e5 7. Nde2 Be6 8. g4
Nc6 9. Bg2 Qc7 10. a4 Nb4 11. O-O O-O-O 12. g5 Nd7 13. Be3 Nb6 14. Nd5 N4xd5 15.
exd5 Bd7 16. b3 f5 17. a5 Na8 18. f4 h6 19. gxh6 gxh6 20. c4 Rg8 21. Kh1 Be8 22.
Qc2 Qg7 23. Qxf5+ Bd7 24. Qe4 exf4 25. Nxf4 Re8 26. Qf3 Qc3 27. Bg1 Rg3 28. Qxc3
Rxc3 29. Rf3 Rxf3 30. Bxf3 Bg7 31. Rf1 Be5 32. Ne6 Bxe6 33. dxe6 Nc7 34. Bh5 Rg8
35. e7 Kd7 36. Rf8 Rg5 37. e8=Q+ Nxe8 38. Bxe8+ Ke7 39. Rf7+ Kxe8 40. Rxb7 Rg3
41. Bf2 Rxh3+ 42. Kg2 Rd3 43. Rb6 Rd2 44. Kg1 Rd1+ 45. Kg2 Rd2 1/2-1/2